Literary Futures, Good and Bad Quiz Stats

 Plays Quiz Updated Feb 18, 2020

Support Sporcle.
Go Orange.
Score 0/12 Timer 04:00
0 Plays Today
The Good Work (Author) % Correct
All the animals are equal...Animal Farm (George Orwell)
94.2%
TV walls and fast cars provide stimulating entertainment...Fahrenheit 451 (Ray Bradbury)
64.9%
Everybody's happy and knows their place...Brave New World (Aldous Huxley)
55.7%
Ludovico's technique can 'reform' hardened criminals...A Clockwork Orange (Anthony Burgess)
53.2%
Crime down 99.8% due to precrime system...Minority Report (Philip K. Dick)
49.9%
Rape and violence against women are almost unknown...The Handmaid's Tale (Margaret Atwood)
37%
Experimental surgery dramatically increases human and rat intelligence...Flowers for Algernon (Daniel Keyes)
34.2%
All pain and unhappiness have been eliminated...The Giver (Lois Lowry)
31.4%
Overpopulation is no longer a problem...Logan's Run (William Nolan and George Clayton Johnson)
22.4%
'Producers' who can invent a revolutionary new metal...Atlas Shrugged (Ayn Rand)
17.4%
Everybody's finally equal...Harrison Bergeron (Kurt Vonnegut)
15.2%
Cheap robot labor drops prices by 80%...R.U.R. (Karel Čapek)
3.3%

You're not logged in!

Compare scores with friends on all Sporcle quizzes.
OR
Log In

From the Vault

Finish the TV Show Titles (1990s)

by LTH

Every TV show title has to end somewhere.
Remove Ads.
Support Sporcle.
Get the best of Sporcle when you Go Orange. This ad-free experience offers more features, more stats, and more fun while also helping to support Sporcle. Thank you for becoming a member.

Show Comments

Extras

Top Quizzes Today


Score Distribution

Your Account Isn't Verified!

In order to create a playlist on Sporcle, you need to verify the email address you used during registration. Go to your Sporcle Settings to finish the process.

Report this User

Report this user for behavior that violates our Community Guidelines.

Details: